| 000 | 00345nam a2200133Ia 4500 | ||
|---|---|---|---|
| 008 | 240624s9999 xx 000 0 und d | ||
| 041 | _aeng | ||
| 082 | _a153.43 VOS | ||
| 100 | _aVOSNIADOU STELLA | ||
| 245 | _aSIMILARITY AND ANALOGICAL REASONING | ||
| 260 |
_c1989 _aNew York _bCambridge University Press |
||
| 300 | _a608 : p. | ||
| 365 |
_c _b25 |
||
| 999 |
_c17396 _d17396 |
||